000
00263nam a2200109Ia 4500
008
200302s9999 xx 000 0 und d
100
_a
Author
245
_a
World houses- Inside & Outside
260
_b
Phoenix Publishing Ltd, China
260
_c
2011
300
_a
335
999
_c
4496
_d
4496